000 00660nam a2200181Ia 4500
008 100920s9999 xx 000 0 und d
082 _b93797
_a24 न 04
100 _aअनु.लेले ज्योत्स्ना./फोलेट केन
245 _aऑन द किंग ऑफ ईगल्स.
260 _bमेहता पिब्लशिंग हाऊस,पुणे.
_c2004
300 _a343
_bसाधी
365 _b250
520 _aसायो.
630 _aऑन द किंग ऑफ ईगल्स.
650 _aसायो.
730 _aऑन द किंग ऑफ ईगल्स.
942 _cBOOK
999 _c734240
_d734237